000 00489nam a2200169Ia 4500
008 140529s9999 xx 000 0 und d
020 _a9781412972659
050 _aP 301.5.S63
_b.B78 2010
100 _aBrummett, Barry.
245 _aTechniques of close reading /
_cBarry Brummett
260 _aLos Angeles :
_bSAGE,
_cc2010.
300 _a137 p. :
_bill. ;
_c23 cm.
500 _aIncludes bibliographical references and index.
521 _aGE
942 _kFOR
_cBK
999 _c117743
_d117743